| 000 | 00875nam a22003370a 4500 | ||
|---|---|---|---|
| 001 | PT28959 | ||
| 003 | AR-LpoUNG | ||
| 005 | 20210131233452.0 | ||
| 008 | 191001s1980||||ag |||||||||||||||||spa d | ||
| 040 |
_aAR-LpoUNG _bspa _cAR-LpoUNG _eaacr |
||
| 041 | _aspa | ||
| 044 | _aag | ||
| 082 | 0 | _a982.065 495san | |
| 100 | 1 | _aPetric, Antonio | |
| 245 | 1 | 0 |
_aAsí sangraba la Argentina : _bSalustro, Quijada, Larrabure |
| 250 | _a1§ edición | ||
| 260 |
_aBuenos Aires : _bDepalma, _c1980. |
||
| 300 |
_aviii, 208 p. : _bil., gráfs., mapas |
||
| 650 | 4 | _aANALISIS HISTORICO | |
| 650 | 4 | _aARGENTINA | |
| 650 | 4 | _aASPECTOS POLITICOS | |
| 650 | 4 | _aDERECHOS HUMANOS | |
| 650 | 4 | _aIDEOLOGIAS POLITICAS | |
| 650 | 4 | _aREVOLUCION | |
| 650 | 4 | _aSOCIEDAD | |
| 650 | 4 | _aTERRORISMO | |
| 650 | 4 | _aVIOLENCIA | |
| 651 | 4 | _aArgentina | |
| 905 | _a28959 | ||
| 942 | _cLIB | ||
| 999 |
_c20792 _d20792 |
||